Применение VR-тренажеров для обучения технологическим процедурам в области транспорта углеводородов; Транспорт и хранение углеводородов, ТХУ-2023

Détails bibliographiques
Parent link:Транспорт и хранение углеводородов, ТХУ-2023.— 2023.— [С. 202-204]
Auteur principal: Черных С. И. Снежана Игоревна
Collectivité auteur: Национальный исследовательский Томский политехнический университет Инженерная школа природных ресурсов Отделение нефтегазового дела
Autres auteurs: Бурков В. П. Владимир Петрович, Марина А. А. Алена Алексеевна
Résumé:Заглавие с экрана
В статье описан опыт применения VR-тренажера «Камера запуска и приёма средств очистки и диагностики» для производственного обучения в составе аппаратно-программного комплекса D.I.V.E., разработанного и внедренного в образовательный процесс Томского политехнического университета. Авторы представляют эмпирическую оценку подхода к обучению в виртуальной реальности с использованием стратегии кинестетического обучения техническим процессам нефтегазовой отрасли, в частности, по направлению транспорта и хранения углеводородов. Авторами представлена оценка прохождения VR-тренажера группой студентов - начинающих пользователей - по сравнению с традиционным обучением с использованием демонстрационных учебных материалов. Проведенные в рамках апробации комплекса исследования показывают влияние обучения с применением VR-технологий на опыт студентов, производительность и передачу навыков.
Langue:russe
Publié: 2023
Sujets:
Accès en ligne:https://www.elibrary.ru/item.asp?id=53944891
Format: Électronique Chapitre de livre
KOHA link:https://koha.lib.tpu.ru/cgi-bin/koha/opac-detail.pl?biblionumber=379355

MARC

LEADER 00000naa0a2200000 4500
001 379355
005 20250619120147.0
035 |a (RuTPU)RU\TPU\retro\36822 
035 |a RU\TPU\network\39451 
090 |a 379355 
100 |a 20230913d2023 k y0rusy50 ca 
101 0 |a rus 
102 |a RU 
135 |a drcn ---uucaa 
181 0 |a i  
182 0 |a b 
200 1 |a Применение VR-тренажеров для обучения технологическим процедурам в области транспорта углеводородов  |f С. И. Черных, В. П. Бурков, А. А. Марина 
203 |a Текст  |c электронный 
300 |a Заглавие с экрана 
320 |a [Библиогр.: 3 назв.] 
330 |a В статье описан опыт применения VR-тренажера «Камера запуска и приёма средств очистки и диагностики» для производственного обучения в составе аппаратно-программного комплекса D.I.V.E., разработанного и внедренного в образовательный процесс Томского политехнического университета. Авторы представляют эмпирическую оценку подхода к обучению в виртуальной реальности с использованием стратегии кинестетического обучения техническим процессам нефтегазовой отрасли, в частности, по направлению транспорта и хранения углеводородов. Авторами представлена оценка прохождения VR-тренажера группой студентов - начинающих пользователей - по сравнению с традиционным обучением с использованием демонстрационных учебных материалов. Проведенные в рамках апробации комплекса исследования показывают влияние обучения с применением VR-технологий на опыт студентов, производительность и передачу навыков. 
463 1 |t Транспорт и хранение углеводородов, ТХУ-2023  |o тезисы докладов IV Международной научно-технической конференции молодых учёных, Омск, 21 апреля 2023  |f Омский государственный технический университет  |v [С. 202-204]  |d 2023 
610 1 |a электронный ресурс 
610 1 |a труды учёных ТПУ 
700 1 |a Черных  |b С. И.  |c эксперт Томского политехнического университета  |f 1987-  |g Снежана Игоревна  |3 (RuTPU)RU\TPU\pers\47649 
701 1 |a Бурков  |b В. П.  |c геолог  |c ассистент кафедры Томского политехнического университета  |f 1986-  |g Владимир Петрович  |3 (RuTPU)RU\TPU\pers\37860 
701 1 |a Марина  |b А. А.  |c специалист в области инженерной геологии  |c ассистент кафедры Томского политехнического университета  |f 1995-  |g Алена Алексеевна  |3 (RuTPU)RU\TPU\pers\47650 
712 0 2 |a Национальный исследовательский Томский политехнический университет  |b Инженерная школа природных ресурсов  |b Отделение нефтегазового дела  |3 (RuTPU)RU\TPU\col\23546 
801 2 |a RU  |b 63413507  |c 20230913  |g RCR 
850 |a 63413507 
856 4 |u https://www.elibrary.ru/item.asp?id=53944891 
942 |c CF